|
|
|
|
| LEADER |
00000nam a2200000 a 4500 |
| 001 |
vtls001425983 |
| 003 |
SK-MaSNL |
| 005 |
20260302001758.0 |
| 008 |
160415s2001 xo a r y 0 slo |
| 015 |
|
|
|a SNBE2002/01-00453
|
| 020 |
|
|
|a 8096853937
|
| 035 |
|
|
|a SNK000380907
|
| 040 |
|
|
|a SNK
|b slo
|c SNK
|e AACR2
|
| 041 |
0 |
|
|a slo
|
| 044 |
|
|
|a xo
|c SK
|
| 080 |
|
|
|a 362.7:37.018.1(083.9)
|2 1981
|
| 080 |
|
|
|a 37.018.1
|2 1981
|
| 110 |
2 |
|
|a Návrat (občianske združenie : Bratislava, Slovensko)
|4 aut
|9 32767
|
| 245 |
1 |
|
|a Hľadáme rodičov
|b aj opustené deti potrebujú rodinu
|c spracovali: Marek Roháček, Vladislav Matej ; foto: Andrej Zeman ; grafický design: Zuzana Číčelová
|
| 250 |
|
|
|a 2. rev. vyd.
|
| 260 |
|
|
|a Bratislava
|b Občianske združenie Návrat
|c 2001
|
| 300 |
|
|
|a 22 s.
|b fotogr., kres.
|c 15x21 cm
|
| 500 |
|
|
|a Vydané v spolupráci s Minsterstvom práce, sociálnych vecí a rodiny SR v Bratislave
|
| 500 |
|
|
|a 10000 výt. Nepredajné
|
| 504 |
|
|
|a Bibliogr.
|
| 650 |
0 |
7 |
|a opustené deti
|2 SNKPH
|9 1228
|
| 650 |
0 |
7 |
|a náhradná rodinná starostlivosť
|2 SNKPH
|9 1001
|
| 650 |
0 |
7 |
|a adopcia
|2 SNKPH
|9 1000
|
| 655 |
|
7 |
|a informačné publikácie
|2 SNKPH
|9 70181
|
| 700 |
1 |
|
|a Roháček, Marek,
|d 1966-
|4 apd
|9 11393
|
| 700 |
1 |
|
|a Matej, Vladislav,
|d 1968-
|4 apd
|9 116315
|
| 700 |
1 |
|
|a Zeman, Andrej
|4 fot
|9 10564
|
| 700 |
1 |
|
|a Číčelová, Zuzana
|4 gup
|9 16703
|
| 710 |
1 |
|
|a Slovensko.
|b Ministerstvo práce, sociálnych vecí a rodiny
|4 vyd
|9 131394
|
| 919 |
|
|
|a 80-968539-3-7
|
| 958 |
|
|
|a TL
|
| 958 |
|
|
|a BQ
|
| 958 |
|
|
|a NB
|
| 999 |
|
|
|c 985241
|d 987171
|
| 952 |
|
|
|t P60, <03>, [BOOK], {603}
|a SNK
|b SNK
|y PREZ
|7 0
|p 17A0326773
|o snkOSE 3791
|i snkKSP 101/2002
|0 0
|1 0
|4 0
|d 2002-01-04
|l 0
|r 2005-01-02 00:00:00
|w 2026-02-24
|
| 952 |
|
|
|t P60, <04>, [BOOK], {604}
|a SNK
|b SNK
|y VYP
|7 0
|p 17A0417626
|o snkOSE 3791 D1
|i snkKSP 102/2002
|3 Dokument je na internete v pdf formate ; http://web.changenet.sk/aa/files/4221973d3c28b786b2f06b680c02cab0/publikacie/hladame_rodicov2009_final.pdf
|z ; http://web.changenet.sk/aa/files/4221973d3c28b786b2f06b680c02cab0/publikacie/hladame_rodicov2009_final.pdf
|0 0
|1 0
|4 0
|d 2002-01-04
|l 0
|r 2005-01-02 00:00:00
|w 2026-02-24
|